| 000 | 00701nam a22002057a 4500 | ||
|---|---|---|---|
| 005 | 20100812141417.0 | ||
| 010 | _aENG-100085 | ||
| 020 |
_a978819957151 _c100.00 |
||
| 035 | _aEN-83617 | ||
| 037 | _bDBAD/PUB | ||
| 082 | _a615.32 | ||
| 100 |
_aShanmugam, N. _911796 |
||
| 245 |
_aMedical plant uses / _cby N. Shanmugam |
||
| 260 |
_aChennai _bNarayana Publication _c2009 |
||
| 270 |
_aNO.6, Gajapathy Lane, Triplicane _bChennai _e5 |
||
| 300 |
_a143p. _c20cm (pbk) |
||
| 650 |
_aMedicinal plant _911797 |
||
| 942 |
_2ddc _cEN _h615.32 _mSHA |
||
| 999 |
_c41369 _d41369 |
||